Nationalmannschaften mit den meisten Toren bei Europameisterschaft - Statistiken

Allgemein
  • Dieses Quiz wurde 54 mal gespielt
    26 seit der letzten Aktualisierung
  • Das Durchschnittsergebnis liegt bei 8 aus 8
Antwortstatistiken
Tore Mannschaft % Korrekt
89 Deutschland / Westdeutschland
100%
73 Frankreich
100%
55 Italien
100%
83 Spanien
100%
59 England
96%
61 Portugal
96%
75 Niederlande
92%
51 Tschechien / Tschechoslowakei
65%
Keine übereinstimmenden Quizze gefunden
Verteilung der Resultate
Anzahl Personen mit jedem Resultat
Perzentil nach korrekt beantworteten Fragen
Ihre Resultats-Entwicklung
Sie haben dieses Quiz seit der letzten Aktualisierung nicht gespielt